<?xml version="1.0" encoding="UTF-8"?>
<collection xmlns="http://www.loc.gov/MARC21/slim">
<record>
  <controlfield tag="001">121219</controlfield>
  <controlfield tag="005">20230914083719.0</controlfield>
  <datafield tag="024" ind1="7" ind2=" ">
    <subfield code="2">doi</subfield>
    <subfield code="a">10.12795/REN.2022.i26.10</subfield>
  </datafield>
  <datafield tag="024" ind1="8" ind2=" ">
    <subfield code="2">sideral</subfield>
    <subfield code="a">131701</subfield>
  </datafield>
  <datafield tag="037" ind1=" " ind2=" ">
    <subfield code="a">ART-2022-131701</subfield>
  </datafield>
  <datafield tag="041" ind1=" " ind2=" ">
    <subfield code="a">eng</subfield>
  </datafield>
  <datafield tag="100" ind1=" " ind2=" ">
    <subfield code="a">Abizanda Cardona, María</subfield>
  </datafield>
  <datafield tag="245" ind1=" " ind2=" ">
    <subfield code="a">Narrating the Fourth Industrial Revolution: Transhumanism and Critical Posthumanism in Catherine Lacey’s The Answers.</subfield>
  </datafield>
  <datafield tag="260" ind1=" " ind2=" ">
    <subfield code="c">2022</subfield>
  </datafield>
  <datafield tag="506" ind1="0" ind2=" ">
    <subfield code="a">Access copy available to the general public</subfield>
    <subfield code="f">Unrestricted</subfield>
  </datafield>
  <datafield tag="520" ind1="3" ind2=" ">
    <subfield code="a">Recent scientific breakthroughs under the wing of the Fourth Industrial Revolution, particularly in the realm of biotechnology, have prompted an integral redefinition of the human, looking toward the posthuman state. Stances on this question range from the transhumanists’ advocacy of overcoming biological limits, to the indexing of technoscientific advancement to an antihumanist and postanthropocentric project championed by critical posthumanism. These debates have been translated into speculative fiction works such as Catherine Lacey’ The Answers (2017). This novel revolves around the Girlfriend Experiment, a state-of-the-art research project aimed at taking the next step in our emotional evolution by eliminating the need for romantic relationships, bankrolled by a film industry mogul. This paper analyses the representation of human enhancement in the novel, arguing that the depiction of the material consequences of the experiment upon its research subjects amounts to a rejection of the unrestricted development of technology along transhumanist and neoliberal tenets. In this, The Answers offers a critical take on the Fourth Industrial Revolution aligned with the principles of critical posthumanism.</subfield>
  </datafield>
  <datafield tag="540" ind1=" " ind2=" ">
    <subfield code="9">info:eu-repo/semantics/openAccess</subfield>
    <subfield code="a">by</subfield>
    <subfield code="u">http://creativecommons.org/licenses/by/3.0/es/</subfield>
  </datafield>
  <datafield tag="592" ind1=" " ind2=" ">
    <subfield code="a">0.101</subfield>
    <subfield code="b">2022</subfield>
  </datafield>
  <datafield tag="593" ind1=" " ind2=" ">
    <subfield code="a">Literature and Literary Theory</subfield>
    <subfield code="c">2022</subfield>
    <subfield code="d">Q4</subfield>
  </datafield>
  <datafield tag="594" ind1=" " ind2=" ">
    <subfield code="a">0.1</subfield>
    <subfield code="b">2022</subfield>
  </datafield>
  <datafield tag="655" ind1=" " ind2="4">
    <subfield code="a">info:eu-repo/semantics/article</subfield>
    <subfield code="v">info:eu-repo/semantics/publishedVersion</subfield>
  </datafield>
  <datafield tag="773" ind1=" " ind2=" ">
    <subfield code="g">26 (2022), 175-96</subfield>
    <subfield code="p">Rev. estud. norteam.</subfield>
    <subfield code="t">Revista de Estudios Norteamericanos</subfield>
    <subfield code="x">1133-309X</subfield>
  </datafield>
  <datafield tag="856" ind1="4" ind2=" ">
    <subfield code="s">269129</subfield>
    <subfield code="u">http://zaguan.unizar.es/record/121219/files/texto_completo.pdf</subfield>
    <subfield code="y">Versión publicada</subfield>
  </datafield>
  <datafield tag="856" ind1="4" ind2=" ">
    <subfield code="s">1457457</subfield>
    <subfield code="u">http://zaguan.unizar.es/record/121219/files/texto_completo.jpg?subformat=icon</subfield>
    <subfield code="x">icon</subfield>
    <subfield code="y">Versión publicada</subfield>
  </datafield>
  <datafield tag="909" ind1="C" ind2="O">
    <subfield code="o">oai:zaguan.unizar.es:121219</subfield>
    <subfield code="p">articulos</subfield>
    <subfield code="p">driver</subfield>
  </datafield>
  <datafield tag="951" ind1=" " ind2=" ">
    <subfield code="a">2023-09-13-14:40:17</subfield>
  </datafield>
  <datafield tag="980" ind1=" " ind2=" ">
    <subfield code="a">ARTICLE</subfield>
  </datafield>
</record>
</collection>